| 000 | 00574nam a22001697a 4500 | ||
|---|---|---|---|
| 008 | 160513b xxu||||| |||| 00| 0 eng d | ||
| 020 | _a0486222942 | ||
| 040 |
_aKABU _cKABU |
||
| 050 |
_aMT140 _b.S34 1969 c.1 |
||
| 100 | _aSchenker, Heinrich | ||
| 245 |
_aFive graphic music analyses _cHeinrich Schenker with a new introduction by Felix Salzer |
||
| 260 |
_aMineola, New York _bDover Publications _c1969 |
||
| 300 | _a61 p. | ||
| 650 |
_aPiano music _xAnalysis, appreciation |
||
| 700 | _aSalzer, Felix | ||
| 942 |
_2lcc _cBK _hMT140 .S34 1969 c. 1 |
||
| 999 |
_c15955 _d15955 |
||